[Event "XV South American-ch Open U20 2019"]
[Site "Asuncion"]
[Date "2019.05.16"]
[Round "8.1"]
[White "Zambrano Acebo, Jean Junior"]
[Black "Estrada Lavin, Cristian Alexand"]
[Result "1/2-1/2"]
[WhiteElo "2174"]
[BlackElo "2116"]
[Annotator "NA RC"]
[PlyCount "108"]
[EventDate "2019.05.11"]
[EventType "swiss"]
[EventCountry "PAR"]
[SourceTitle "playchess.com"]
[Source "ChessBase"]
[SourceQuality "1"]
[TimeControl "5400+30"]

{[%evp 12,92,0,12,0,0,8,32767,0,0,32767,-11,0,8,32767,26,65,86,94,20,28,-24,32767,32767,0,32767,6,32767,51,49,112,46,36,32767,32767,32767,32767,32767,35,33,3,36,35,40,37,32767,35,32767,32767,32767,32767,32767,32767,32767,32767,32767,3,0,19,4,0,0,0,4,12,8,2,12,6,8,8,0,0,0,21,32767,17,8,20,16,52,48,62]} 1. e4 {[%emt 0:00:30]} c5 {[%emt 0:00:30]} 2. d4 {[%emt 0:00:30]} cxd4 {[%emt 0:00:30]} 3. c3 {[%emt 0:00:30]} Nf6 {[%emt 0:02:30]} 4. e5 {[%emt 0:01:30]} Nd5 {[%emt 0:00:30]} 5. Qxd4 {[%emt 0:00:30]} e6 {[%emt 0:00:30]} 6. Nf3 {[%emt 0:01:30]} Nc6 {[%emt 0:01:30]} 7. Qe4 {[%emt 0:01:30]} d6 {[%emt 0:03:30]} 8. Nbd2 {[%emt 0:03:30]} Be7 {[%emt 0:12:30]} 9. Nc4 {[%emt 0:09:30] B22: Sicilian: 2 c3} (9. exd6 Qxd6 10. Nc4 Qc7 11. Bd3 f5 12. Qe2 O-O 13. O-O Bf6 14. Re1 Bd7 15. Nce5 Rae8 16. Nxc6 bxc6 {1-0 (58) Richter,W (2399)-Ginsburg,G (2526) Germany 2010}) 9... dxe5 {[%emt 0:04:30]} 10. Ncxe5 {[%emt 0:11:30]} Nxe5 {[%emt 0:00:30]} 11. Nxe5 {[%emt 0:13:30]} O-O {[%emt 0:02:30]} 12. Bd3 {[%emt 0:00:30]} Nf6 {[%emt 0:01:30]} 13. Qe2 {[%emt 0:09:30]} Qd5 $146 {[%emt 0:08:30]} ({Predecessor:} 13... Qc7 14. Bg5 b6 15. O-O Bb7 16. Rad1 Rad8 17. Rd2 Rd5 18. f4 Bc5+ 19. Kh1 Nd7 20. c4 Rd4 21. b4 f6 22. Nxd7 Qxd7 23. bxc5 fxg5 24. cxb6 gxf4 25. bxa7 {0-1 (35) Besner,B (2153)-Koch,M (2217) Bad Neustadt 2003}) 14. O-O {[%emt 0:05:30]} b6 {[%emt 0:24:30]} 15. c4 {[%emt 0:28:22]} (15. Rd1 $5 {[%cal Rd3h7]} Qc5 16. Bb5 $14) 15... Qc5 {[%emt 0:03:30]} 16. b4 {[%emt 0:04:46]} Qc7 {[%emt 0:03:30]} 17. a3 {[%emt 0:00:10]} Bb7 {[%emt 0:04:30]} 18. Bf4 {[%emt 0:02:21]} Bd6 {[%emt 0:00:30]} 19. Rac1 {[%emt 0:00:18]} Nd7 {[%emt 0:08:24]} (19... Rfd8 $11) 20. Nxd7 $1 {[%emt 0:00:47]} ({Not} 20. Qh5 $2 g6 $19) 20... Qxd7 {[%emt 0:00:16] [#]} (20... Bxf4 $14 21. Nxf8 Rxf8) 21. Rfd1 {[%emt 0:01:11]} (21. Bxh7+ $1 $16 {[%mdl 512]} Kxh7 22. Qd3+ {[%mdl 64] Double Attack} Kg8 23. Bxd6) 21... Qc6 {[%emt 0:00:54]} 22. Be4 {[%emt 0:01:14]} Qxe4 {[%emt 0:00:09]} 23. Qxe4 {[%emt 0:00:04]} Bxe4 {[%emt 0:00:07]} 24. Bxd6 {[%emt 0:00:03]} Rfd8 {[%emt 0:01:08]} 25. Be7 {[%emt 0:00:20]} Rxd1+ {[%emt 0:02:42]} 26. Rxd1 {[%emt 0:00:01]} Bc6 {[%emt 0:01:13]} 27. b5 {[%emt 0:01:42]} Be8 {[%emt 0:00:12]} 28. f4 {[%emt 0:00:48]} f6 {[%emt 0:01:21]} 29. Rd6 {[%emt 0:01:51]} Kf7 {[%emt 0:00:54]} 30. Rd8 {[%emt 0:00:07]} Rxd8 {[%emt 0:00:11]} 31. Bxd8 {[%emt 0:00:00]} e5 {[%emt 0:01:41]} 32. fxe5 {[%emt 0:00:57]} fxe5 {[%emt 0:00:01]} 33. Kf2 {[%emt 0:00:08]} Ke6 {[%emt 0:02:01]} 34. Ke3 {[%emt 0:00:06]} Kd6 {[%emt 0:01:01]} 35. Kd3 {[%emt 0:00:17]} Bg6+ {[%emt 0:02:17]} 36. Kc3 {[%emt 0:00:04]} Be4 {[%emt 0:00:03]} 37. g3 {[%emt 0:00:05]} h6 {[%emt 0:00:11]} 38. g4 $1 {[%emt 0:02:32]} Bf3 {[%emt 0:02:17]} (38... Kd7 $5 39. Bh4 $8 g5 $14) 39. g5 {[%emt 0:00:25]} h5 {[%emt 0:00:54]} 40. g6 $1 {[%emt 0:00:47]} Be4 {[%emt 0:00:35]} 41. Kb4 {[%emt 0:00:30]} Bxg6 {[%emt 0:00:54]} 42. a4 {[%emt 0:00:27]} e4 {[%emt 0:02:00]} 43. Bg5 {[%emt 0:00:03]} Bf5 {[%emt 0:01:53]} 44. Be3 {[%emt 0:00:25]} Kc7 {[%emt 0:01:04]} 45. a5 {[%emt 0:00:46]} bxa5+ {[%emt 0:01:32]} 46. Kxa5 {[%emt 0:00:02]} Kb7 {[%emt 0:00:32]} 47. c5 {[%emt 0:00:22]} Bc8 {[%emt 0:00:11]} 48. c6+ {[%emt 0:00:33]} Ka8 {[%emt 0:00:41]} 49. Kb4 {[%emt 0:00:16]} Bg4 {[%emt 0:00:18]} 50. Kc5 {[%emt 0:01:24]} Bh3 {[%emt 0:00:34]} 51. Kd6 {[%emt 0:00:33]} Bf1 {[%emt 0:00:09]} 52. Kc5 {[%emt 0:00:40]} Bh3 {[%emt 0:00:02]} 53. Kd6 {[%emt 0:00:11]} Bf1 {[%emt 0:00:13]} 54. Kc5 {[%emt 0:00:42]} Bh3 1/2-1/2

[Event "XV South American-ch Open U20 2019"]
[Site "Asuncion"]
[Date "2019.05.16"]
[Round "8.2"]
[White "Cadilhac, Igor Tokuichi Kikuc"]
[Black "Cantero, Rodolfo"]
[Result "1-0"]
[WhiteElo "2288"]
[BlackElo "2059"]
[Annotator "TA"]
[PlyCount "91"]
[EventDate "2019.05.11"]
[EventType "swiss"]
[EventCountry "PAR"]
[SourceTitle "playchess.com"]
[Source "ChessBase"]
[SourceQuality "1"]

{[%evp 12,91,14,8,13,8,11,-10,33,-6,-4,-42,-12,-24,-4,-18,-1,-4,0,-8,-4,-6,-6,-6,22,1,0,0,5,0,0,0,-6,-9,-14,-39,-26,-56,-8,-52,-57,-62,-38,-94,-55,-102,-54,-54,-57,-52,-11,-13,-14,-18,-32,-61,-62,-65,0,-63,-67,-70,-46,-76,0,-7,59,70,69,77,583,25,25,-183,261,241,1289,1214,2174,2234,2253,2031]} 1. e4 e5 2. Nf3 Nc6 3. Nc3 Nf6 4. Bb5 Bb4 5. O-O O-O 6. d3 Bxc3 7. bxc3 Qe7 {C49: Four Knights: 4 Bb5 Bb4} (7... d6 8. Bg5 Qe7 9. Re1 a6 10. Ba4 Nd8 11. Bb3 Ne6 12. Bh4 Nf4 13. Nd2 b5 14. Nf1 Ng6 15. Bg3 c5 16. Ne3 Qc7 17. h4 Be6 18. h5 {0-1 (37) Artemiev,V (2709)-Andreikin,D (2719) St Petersburg 2018}) 8. Nd2 $146 ({Predecessor:} 8. Bg5 h6 9. Bh4 d6 10. Re1 Nd8 11. d4 Bg4 12. h3 Bxf3 13. Qxf3 Ne6 14. Rad1 g5 15. Bg3 Ng7 16. h4 a6 17. Bc4 b5 18. hxg5 hxg5 19. Bf1 {1-0 (38) Kogan,A (2541)-Lafuente,P (2524) San Sebastian 2009}) 8... a6 9. Ba4 Nd8 {The position is equal.} (9... b5 $5 10. Bb3 $8 d6 $11) 10. f4 exf4 $1 11. Bb3 Ne6 12. d4 d6 13. Ba3 c5 14. Qf3 Qc7 15. Bxe6 fxe6 16. e5 dxe5 17. Bxc5 Rf7 18. Nc4 exd4 19. cxd4 Nd5 20. Nd6 Rf8 $36 {[%mdl 2048] Black is more active.} 21. Qe4 b6 22. Ba3 {Hoping for c4.} b5 {...b4 is the strong threat.} 23. Bc5 (23. c4 $5 bxc4 24. Nxc4 $1 {[%mdl 512]} Qxc4 25. Rac1 $11) 23... Bd7 24. Rf3 Rad8 25. Qe5 Rf6 26. Raf1 Bc6 27. R1f2 $1 h6 28. h4 Rg6 29. h5 Rf6 30. g3 {[%cal Rg3f4]} fxg3 31. Rxf6 gxf2+ (31... Nxf6 $2 {loses.} 32. Qxe6+ Kh7 33. Rxf6 $18) 32. Rxf2 Nf6 $1 33. Qxe6+ Kh7 34. Qf5+ Kg8 ({Better is} 34... Kh8 $15 35. Qe5 Qd7) 35. Qe5 ({White should try} 35. Qe6+ $11 Kh7 36. Qf5+ Kg8 37. Qe6+) 35... Qd7 $15 36. Rf5 Kh7 37. Kf1 b4 (37... Rf8 $1 $17 {And now ...Ng4 would win.} 38. Ke2 Bd5) 38. Ke1 $11 Bb5 (38... Rf8 $11) 39. Kd2 $14 {Threatens to win with Rxf6.} Bc6 40. Kc1 {Strongly threatening Rxf6.} ({Of course not} 40. Bxb4 Ne4+ 41. Nxe4 Qxd4+ 42. Qxd4 Rxd4+ 43. Kc3 Rxe4 $11) 40... a5 $2 {[%mdl 8192]} (40... Rf8 $16 {lives longer.}) 41. Qg3 $2 (41. Rxf6 $18 gxf6 42. Qxf6) 41... Qe6 $11 {White must now prevent ...Ne4.} 42. Kb2 $2 (42. d5 $11 Bxd5 43. Re5) 42... Bd5 $4 {[%mdl 8192]} (42... Ne4 $19 {avoids the disaster.} 43. Qg6+ Qxg6 44. hxg6+ Kxg6) 43. Re5 $18 Qd7 $2 {[#]} (43... Rxd6 44. Qd3+ (44. Rxe6 Rxe6 45. Qd3+ Be4 $18) 44... Be4 45. Rxe6 Rxe6) 44. Qg6+ $1 {White is clearly winning.} Kg8 {[#]} 45. Nf5 $1 Kh8 {[#]} 46. Re7 $1 {[%mdl 512] Accuracy: White = 38%, Black = 40%.} 1-0

[Event "XV South American-ch Open U20 2019"]
[Site "Asuncion"]
[Date "2019.05.16"]
[Round "8.3"]
[White "Benitez Galeano, Alejandro"]
[Black "Zapata Charles, Santiago"]
[Result "1/2-1/2"]
[WhiteElo "2052"]
[BlackElo "2322"]
[Annotator "TA"]
[PlyCount "106"]
[EventDate "2019.05.11"]
[EventType "swiss"]
[EventCountry "PAR"]
[SourceTitle "playchess.com"]
[Source "ChessBase"]
[SourceQuality "1"]

{[%evp 21,106,29,22,18,32,24,12,16,13,9,27,20,14,15,43,32,38,18,25,25,26,22,33,26,61,35,63,42,31,29,31,24,32,33,33,37,42,30,37,34,34,34,34,34,35,37,39,38,44,31,40,33,37,22,24,0,41,17,17,17,18,9,10,8,14,0,0,0,0,0,0,0,0,0,0,0,0,0,0,0,0,0,0,0,0,0,0]} 1. Nf3 d5 2. c4 dxc4 3. e3 Nf6 4. Bxc4 e6 5. O-O c5 6. d4 Nc6 7. dxc5 Qxd1 8. Rxd1 Bxc5 9. a3 a6 10. b4 Be7 11. Bb2 O-O 12. Nbd2 {D27: Queen's Gambit Accepted: Classical main line: 7 e4!? and 7 a4} b5 (12... Bd7 13. Be2 Rfd8 14. Nc4 Be8 15. Nd4 Nxd4 16. Bxd4 Bb5 17. Bf1 Rac8 18. Na5 Bxf1 19. Kxf1 Rc7 {1-0 (62) Adhiban,B (2671)-Van Foreest,J (2609) Hoogeveen 2017}) 13. Bd3 Bb7 14. Rac1 Rfd8 15. Nb3 Rac8 $146 ({Predecessor:} 15... Rd5 16. Nfd4 Rad8 17. Be2 Nxd4 18. Rxd4 Rxd4 19. Bxd4 {1-0 (37) Abdulla,A (2350)-Ghorbani,M (2430) Teheran 1998}) 16. Nc5 Bxc5 17. Rxc5 Ne4 18. Rcc1 Nd6 19. Bc3 Ne7 20. Nd2 Nd5 21. Bd4 Rxc1 22. Rxc1 Rc8 23. Bc5 (23. Rxc8+ {is more complex.} Bxc8 24. g3 Nf6 25. f4 Nd7 26. Ne4) 23... Nf6 24. Nb3 Nde4 25. Bd4 Rxc1+ 26. Nxc1 Nd7 27. f3 Nd6 28. e4 e5 29. Bf2 Bc8 30. Kf1 Nb8 31. Nb3 Nb7 32. Ke1 Be6 33. Nc5 Nxc5 34. Bxc5 $14 {[%mdl 4096] Endgame KBB-KBN} Nd7 35. Ba7 Kf8 36. Kd2 Ke7 37. Kc3 Kd6 38. a4 Kc6 39. axb5+ axb5 {The position is equal.} 40. Bf2 Nb6 41. Bg3 f6 42. f4 Na4+ 43. Kc2 exf4 44. Bxf4 Bc4 45. Be3 Nb2 46. Bxc4 Nxc4 $11 {KB-KN} 47. Bf4 g5 48. Bd2 Kd6 {Black wants to play ...Ke5.} 49. Kd3 Ne5+ 50. Kd4 Nc6+ 51. Kd3 Ne5+ 52. Kd4 Nc6+ 53. Kd3 Ne5+ {Accuracy: White = 56%, Black = 59%.} 1/2-1/2

[Event "XV South American-ch Open U20 2019"]
[Site "Asuncion"]
[Date "2019.05.16"]
[Round "8.4"]
[White "Munoz, Francisco Javier"]
[Black "Coro, Lucas"]
[Result "0-1"]
[WhiteElo "2308"]
[BlackElo "2315"]
[Annotator "TA"]
[PlyCount "72"]
[EventDate "2019.05.11"]
[EventType "swiss"]
[EventCountry "PAR"]
[SourceTitle "playchess.com"]
[Source "ChessBase"]
[SourceQuality "1"]

{[%evp 12,72,47,18,50,44,48,34,54,0,12,-30,-17,-5,-1,-87,-82,-90,-74,-89,-79,-102,-88,-140,-108,-135,-131,-154,-142,-201,-200,-219,-225,-268,-252,-234,-204,-322,-319,-312,-319,-324,-323,-318,-275,-310,-282,-283,-262,-232,-252,-483,-485,-715,-694,-735,-720,-987,-979,-866,-824,-2427,-1279]} 1. d4 Nf6 2. Nf3 g6 3. c4 Bg7 4. Nc3 O-O 5. e4 d6 6. h3 Na6 7. Be3 c6 {E90: King's Indian: Classical: Early deviations and 6 h3} 8. Be2 e5 9. d5 Nh5 {White is slightly better.} 10. Nd2 Nf4 11. Bf1 f5 $1 12. g3 Ne6 13. dxe6 $146 {[#]} (13. exf5 $1 $11 {keeps the balance.} Nd4 14. fxg6) ({Predecessor:} 13. exf5 gxf5 14. dxe6 f4 15. Nde4 fxe3 16. fxe3 Bxe6 17. Qxd6 Qxd6 18. Nxd6 {0-1 (47) Esipenko,A (2509)-Giri,A (2785) Sochi 2017}) 13... f4 $1 $17 {[%cal Rf4e3]} 14. Qe2 fxe3 15. Qxe3 Nc5 16. Be2 Nxe6 17. Bg4 (17. h4 $142) 17... a6 18. O-O-O b5 {[%cal Bb7b5,Bb5b4][%mdl 32]} 19. h4 {[#]} h5 $1 {[%cal Rh5g4]} 20. Bxe6+ (20. Bh3 $17 {is a better defense.}) 20... Bxe6 $19 21. f4 b4 22. Na4 exf4 23. gxf4 Bg4 24. c5 (24. Rdf1 {was worth a try.}) 24... Bxd1 25. Rxd1 Qxh4 26. cxd6 Qxf4 27. Qxf4 Rxf4 28. Nc5 Bh6 {White must now prevent ...Rd8.} 29. Kb1 h4 30. d7 h3 31. Nc4 $2 (31. e5 {was called for.} Rd4 {[%mdl 64] Discovered Attack} 32. e6) 31... h2 {aiming for ...Rg4.Black is clearly winning.} 32. Ne5 (32. Kc2 $142 Bg5 33. Rh1) 32... Bf8 33. Nxa6 {intending Nc7.} Rd8 {Threatens to win with ...Bg7.} ({Weaker is} 33... Rh4 34. Rh1 $17) 34. Nb8 Rxb8 35. Nxc6 Ra8 36. Na7 Rd8 {Accuracy: White = 31%, Black = 84%.} 0-1

[Event "XV South American-ch Open U20 2019"]
[Site "Asuncion"]
[Date "2019.05.16"]
[Round "8.5"]
[White "Vazquez, Facundo"]
[Black "Donoso Diaz, Sebastian"]
[Result "0-1"]
[WhiteElo "2086"]
[BlackElo "2251"]
[Annotator "TA"]
[PlyCount "52"]
[EventDate "2019.05.11"]
[EventType "swiss"]
[EventCountry "PAR"]
[SourceTitle "playchess.com"]
[Source "ChessBase"]
[SourceQuality "1"]

{[%evp 13,52,41,36,29,37,31,38,38,38,38,36,35,42,36,33,27,36,28,21,15,38,-35,-17,-73,-70,-93,-97,-77,-97,-157,-164,-186,-185,-196,-196,-208,-208,-197,-157,-313,-311]} 1. d4 d5 2. c4 dxc4 3. e4 e5 4. Nf3 exd4 5. Bxc4 Nc6 6. O-O Be6 7. Bb5 Bc5 8. b4 {D20: Queen's Gambit Accepted: 3 e3 and 3 e4} Bb6 $1 9. a4 {[%cal Ba2a4,Ba4a5][%mdl 32] And now a5 would win.} a6 10. Bxc6+ $1 {White is slightly better.} bxc6 11. a5 Ba7 12. Bb2 {[%cal Rb2d4]} Nf6 13. Bxd4 Nxe4 14. Bxa7 Qxd1 15. Rxd1 {Be3 is the strong threat.} Rxa7 {[#]} 16. Nd4 $146 Bd5 17. Nf5 (17. Nd2 $14 Nd6 18. Rac1) 17... Kd7 18. Ne3 (18. Nxg7 $11 Rb7 19. f3) 18... Rb8 $17 19. Nxd5 cxd5 20. Rxd5+ {[#]} Nd6 $1 21. Rd4 (21. Nc3 $142) 21... Rab7 22. Ra4 {[#]} c5 $1 {[%cal Rc5d4][%mdl 512]} 23. Rd1 (23. bxc5 Rxb1+) 23... Rxb4 24. Ra1 Kc6 25. Nc3 Nb5 26. Na4 $2 {[#]} (26. Nd5 $17 {might work better.}) 26... Rxa4 $1 {[%mdl 512] Accuracy: White = 43%, Black = 71%.} 0-1

[Event "XV South American-ch Open U20 2019"]
[Site "Asuncion"]
[Date "2019.05.16"]
[Round "8.6"]
[White "Aguilar, Luis Miguel"]
[Black "Mayeregger, Arnold"]
[Result "*"]
[WhiteElo "2193"]
[BlackElo "1913"]
[Annotator "TA"]
[PlyCount "40"]
[EventDate "2019.05.11"]
[EventType "swiss"]
[EventCountry "PAR"]
[SourceTitle "playchess.com"]
[Source "ChessBase"]
[SourceQuality "1"]

{[%evp 16,17,12,15]} 1. g3 c5 2. Bg2 g6 3. e4 Bg7 4. Ne2 Nc6 5. c3 e5 6. d3 Nge7 7. Be3 d6 8. O-O O-O 9. f4 {Predecessor:} f5 $146 10. Nd2 Kh8 11. Nf3 fxe4 12. dxe4 Be6 13. Qd2 Qc7 14. Ng5 Bg8 15. Bh3 Rf6 16. f5 h6 17. Ne6 Bxe6 18. fxe6 Ng8 19. Rxf6 Nxf6 20. Bxh6 Nxe4 {½-½ (32) Bartel,M (2617)-Gashimov,V (2733) Warsaw 2010} *

[Event "XV South American-ch Open U20 2019"]
[Site "Asuncion"]
[Date "2019.05.16"]
[Round "8.6"]
[White "Aguilar, Luis Miguel"]
[Black "Mayeregger, Arnold"]
[Result "1/2-1/2"]
[WhiteElo "2193"]
[BlackElo "1913"]
[Annotator "TA"]
[PlyCount "114"]
[EventDate "2019.05.11"]
[EventType "swiss"]
[EventCountry "PAR"]
[SourceTitle "playchess.com"]
[Source "ChessBase"]
[SourceQuality "1"]

{[%evp 20,114,23,5,4,0,0,-28,-10,-12,0,-41,-43,-134,-135,-134,-131,-146,-139,-150,-130,-160,-151,-150,-125,-199,-74,-79,-91,-99,-89,-118,-112,-112,-15,-232,-240,-244,-200,-264,-231,-219,-189,-209,-162,-220,-223,-227,-204,-533,-539,-536,-526,-1033,-987,-760,-883,-893,2489,-29973,1856,-29989,-801,-781,-755,-970,-750,-702,-609,-678,-333,-629,-8,-8,-8,-8,-8,-8,-8,-8,0,-10,-10,-19,0,0,0,-21,-21,-21,-21,-21,-21,-21,-21,-16,-15]} 1. g3 c5 2. Bg2 g6 3. e4 Bg7 4. Ne2 Nc6 5. c3 e5 6. d3 Nge7 7. Be3 d6 8. O-O O-O 9. f4 f5 10. Nd2 Kh8 11. Nf3 b6 {B20: Sicilian: Unusual White 2nd moves} (11... fxe4 12. dxe4 Be6 13. Qd2 Qc7 14. Ng5 Bg8 15. Bh3 Rf6 16. f5 h6 17. Ne6 Bxe6 18. fxe6 Ng8 19. Rxf6 Nxf6 20. Bxh6 Nxe4 {½-½ (32) Bartel,M (2617)-Gashimov,V (2733) Warsaw 2010}) 12. Rb1 Be6 13. a3 $146 ({Predecessor:} 13. a4 Qd7 14. b4 cxb4 15. cxb4 Ba2 16. b5 Nd4 17. Rb2 Nxf3+ 18. Bxf3 Be6 19. Rd2 {0-1 (55) Kravtsov,S (2245)-Iskusnyh,S (2460) Novosibirsk 1996}) 13... a5 {Black has an edge.} 14. Ng5 Bg8 15. fxe5 dxe5 16. b4 (16. c4 $15) 16... axb4 17. axb4 cxb4 18. cxb4 Ra3 $1 19. Nc1 h6 20. Nh3 Nd4 21. Qd2 Kh7 22. Qb2 {[#]} (22. b5 $17) 22... Ra7 (22... Nb5 $1 $19 {has better winning chances.} 23. Qd2 Nc3) 23. Bxd4 $17 exd4 24. Nf4 Qd6 25. exf5 Nxf5 26. Be4 Bf7 ({Black should try} 26... Ne3 $17 27. Nb3 Nxf1 28. Nxg6 Rf6 29. Nf4+ Kh8 30. Rxf1 Qxb4) 27. b5 $2 (27. Bxf5 $1 $11 {and White has nothing to worry.} gxf5 28. Qf2) 27... Ne3 $19 28. Re1 Kg8 29. Nb3 Rc7 30. Rec1 Rc3 31. Nd2 Rfc8 32. Bc6 (32. Nf1 $142) 32... g5 33. Ne4 Qe5 34. Ne2 $2 (34. Nh3) 34... Rxd3 {...Rxc6! is the strong threat.} 35. Nf2 Rb3 36. Qd2 Rxb1 37. Rxb1 {[#]} Rxc6 $1 {[%mdl 512]} 38. bxc6 Qe4 $4 {[%mdl 8192]} (38... Qd5 $19 39. Nf4 gxf4) 39. Nf4 $4 {[%mdl 8192]} (39. Nxe4 $18 Nd5 40. Nxd4) 39... gxf4 $4 {[%mdl 8192]} (39... Qxb1+ {and all is fine.} 40. Nd1 gxf4 41. Qe1 Be5 42. Qe2 Nxd1 43. gxf4 Ne3+ 44. Kf2 Bf6 45. Qxe3 dxe3+ 46. Kf3 Bh5+ 47. Kg2 Qb2+ 48. Kh3 Qf2 49. c7 Qf3#) 40. Nd3 $4 {[%mdl 8192]} (40. Nxe4 $18 b5 41. c7) 40... Qxc6 (40... Bd5 $142 41. Qb2 fxg3 42. hxg3 Ng4 43. Kf1 Qxd3+ {[%mdl 64] Double Attack} 44. Qe2 Qxb1+ 45. Qe1 Bc4+ 46. Kg2 Qxe1 47. Kf3 Ne5+ {[%mdl 64] Double Attack} 48. Kf4 Qe3+ 49. Kf5 Qf3#) 41. Nxf4 b5 42. Qa5 Qc2 43. Qxb5 Nd1 44. Qd3 Qf2+ 45. Kh1 {[#]} Qe1+ $2 ({Better is} 45... Qxf4 $1 $19 {[%mdl 512]} 46. gxf4 Nf2+ {[%mdl 64] Double Attack} 47. Kg2 Nxd3) 46. Kg2 $11 {The position is equal.} Ne3+ (46... Qf2+ $2 47. Kh3 $19) 47. Kf3 $132 {[%mdl 2048] White puts up resistance} Qa5 $1 48. Rb8+ Bf8 {Threatens to win with ...Bd5+.} 49. Qxd4 Nf5 50. Qd8 Qa3+ 51. Kg4 Ne3+ 52. Kh4 Qc5 {Strongly threatening ...Be8!} 53. Qxf8+ (53. Rc8 {feels hotter.} Qb4 54. Rb8 Qc5) 53... Qxf8 54. Rxf8+ Kxf8 55. g4 $1 Nf1 56. g5 hxg5+ 57. Kxg5 Nxh2 {Accuracy: White = 35%, Black = 54%.} 1/2-1/2

[Event "XV South American-ch Open U20 2019"]
[Site "Asuncion"]
[Date "2019.05.16"]
[Round "8.7"]
[White "Gimenez Aguirre, Alejo Ismael"]
[Black "Heinechen, Juan"]
[Result "1-0"]
[WhiteElo "2247"]
[BlackElo "2123"]
[Annotator "TA"]
[PlyCount "77"]
[EventDate "2019.05.11"]
[EventType "swiss"]
[EventCountry "PAR"]
[SourceTitle "playchess.com"]
[Source "ChessBase"]
[SourceQuality "1"]

{[%evp 20,77,0,0,35,33,54,50,50,20,49,44,50,51,58,50,55,21,28,28,40,39,43,27,102,4,4,12,0,1,13,0,14,-3,18,19,22,0,42,16,76,77,44,58,54,74,54,54,334,307,345,347,346,310,952,949,755,784,855,824]} 1. e4 c5 2. Nf3 g6 3. d4 cxd4 4. Nxd4 Nc6 5. c4 Nf6 6. Nc3 d6 7. Be2 Nxd4 8. Qxd4 Bg7 9. f3 O-O 10. Bg5 Be6 11. Qd2 a5 {B36: Sicilian: Maroczy Bind: Gurgenidze System} 12. Rc1 Nd7 (12... a4 13. Rc2 Nd7 14. Nb5 Ne5 15. O-O Nc6 16. Rd1 Qa5 17. Qxa5 Rxa5 18. Bf1 Rc8 19. Bd2 {0-1 (69) Kotronias,V (2564)-Mamedov,R (2647) Warsaw 2013}) 13. h4 $146 ({Predecessor:} 13. Nd5 Bxd5 14. cxd5 Qb6 15. Be3 Nc5 16. b3 Qb4 17. Rc4 Qxd2+ 18. Kxd2 b6 19. Rc2 f5 20. Bd3 f4 21. Bf2 g5 22. h3 Be5 23. Bb5 Ra7 24. Rb1 {½-½ (24) Ridge,M (1917)-Orr,M (2260) Edinburgh 2015}) 13... h5 {White is slightly better.} 14. Nb5 Nc5 15. O-O Re8 16. b3 Qb6 17. Be3 Bd7 18. Nc3 Bc6 19. Nd5 Bxd5 20. cxd5 Rec8 21. Rc2 Be5 (21... Bh6 $11 {keeps the balance.}) 22. g4 ({White should play} 22. f4 $16 Bg7 23. Rc4) 22... Bf4 $1 $11 {[#] Threatens to win with ...Nxb3.} 23. Rfc1 Bxe3+ 24. Qxe3 {Black must now prevent gxh5.} hxg4 25. fxg4 a4 {[%cal Ra4b3]} 26. Bc4 (26. h5 {seems wilder.} axb3 27. axb3 Rf8 28. Rc3 Ra2 29. Bd3) 26... Nd7 27. Qxb6 Nxb6 28. b4 a3 29. Bb5 Kg7 (29... Rxc2 $11 30. Rxc2 f5) 30. Rxc8 Rxc8 31. Rxc8 Nxc8 $16 {[%mdl 4096] Endgame KB-KN} 32. g5 $1 Nb6 33. Kf2 f5 $2 {[%mdl 8192] [#]} (33... Kf8 $14) 34. Ke3 $18 fxe4 35. Kxe4 Kf7 36. Kd4 e5+ $2 (36... Kg7 37. Bd3 Kf7) 37. dxe6+ $1 {White is clearly winning.} Kxe6 38. Bd3 Kf7 39. Be4 {Accuracy: White = 58%, Black = 27%.} 1-0

[Event "XV South American-ch Open U20 2019"]
[Site "Asuncion"]
[Date "2019.05.16"]
[Round "8.8"]
[White "Suarez, Pedro"]
[Black "Melian, Juan Sebastian"]
[Result "1/2-1/2"]
[WhiteElo "2077"]
[BlackElo "1786"]
[Annotator "NA RC"]
[PlyCount "43"]
[EventDate "2019.05.11"]
[EventType "swiss"]
[EventCountry "PAR"]
[SourceTitle "playchess.com"]
[Source "ChessBase"]
[SourceQuality "1"]
[TimeControl "5400+30"]

1. d4 Nf6 2. c4 e6 3. Nf3 Bb4+ 4. Bd2 a5 5. g3 O-O 6. Bg2 Bxd2+ 7. Nbxd2 Qe7 8. O-O d6 9. Qc2 e5 10. e3 c6 11. c5 dxc5 {dx} 12. dxe5 Nfd7 13. Qe4 $14 Re8 14. Rac1 Nxe5 15. Nxe5 Qxe5 16. Qxe5 Rxe5 17. Nc4 Re8 18. Nb6 Ra6 19. Nxc8 Rxc8 20. Bh3 Re8 21. Rxc5 Rb6 22. Rb1 1/2-1/2

[Event "XV South American-ch Open U20 2019"]
[Site "Asuncion"]
[Date "2019.05.16"]
[Round "8.9"]
[White "Gomez Barrera, Gonzalo Andres"]
[Black "Cosme Contreras, Trilce"]
[Result "1/2-1/2"]
[WhiteElo "2058"]
[BlackElo "2051"]
[Annotator "NA RC"]
[PlyCount "83"]
[EventDate "2019.05.11"]
[EventType "swiss"]
[EventCountry "PAR"]
[SourceTitle "playchess.com"]
[Source "ChessBase"]
[SourceQuality "1"]
[TimeControl "5400+30"]

1. d4 Nf6 2. c4 g6 3. Nc3 Bg7 4. e4 d6 5. h3 O-O 6. Be3 c5 7. Nf3 Qa5 {E90: King's Indian: Classical: Early deviations and 6 h3} 8. Bd3 Nc6 {[#]} 9. O-O (9. d5 $1 $16) 9... Nd7 10. d5 Nd4 11. Bxd4 $146 ({Predecessor:} 11. Bd2 Nxf3+ 12. Qxf3 Ne5 13. Qe2 a6 14. Bc2 b5 15. cxb5 axb5 16. Nxb5 {½-½ (44) Perez Ponsa,F (2583)-Vovk,A (2633) chess.com INT 2017}) 11... cxd4 12. Nb5 Qb6 13. Rb1 a6 14. Na3 e5 15. dxe6 fxe6 16. b4 Ne5 17. Nxe5 Bxe5 18. c5 dxc5 19. Nc4 Qc7 20. bxc5 Qxc5 21. Nb6 Rb8 22. Qb3 $11 Qd6 23. Bc4 Re8 24. f4 Bxf4 25. Rxf4 Qxf4 26. Nxc8 Rbxc8 27. Bxe6+ Kh8 28. Bxc8 Rxc8 29. Qxb7 Qe3+ 30. Kh1 Re8 31. Rf1 d3 32. Rf7 Qh6 33. Qd7 Rf8 34. Rxf8+ Qxf8 35. Qxd3 Qc5 36. Qd8+ Kg7 37. Qd7+ Kf6 38. Qd8+ Ke5 39. Qg5+ Kd4 40. Qd2+ Kxe4 41. Qe2+ Qe3 42. Qxa6 1/2-1/2